000 00760cam a22002531 4500
001 18844
003 BD-RjUL
005 20211209000337.0
008 140222s1964 ctu b 001 0 eng
035 _a(BD-RjUL)18902
040 _aDLC
_cDLC
_dDLC
_dBD-RjUL
_beng
041 _aeng
082 0 0 _a338.9
_bTIC 1964
100 1 _aTinbergen, Jan.
_d1903-
_97462
245 1 0 _aCentral planning /
_cJan Tinbergen.
260 _aNew Haven :
_bYale University Press,
_cc1964.
300 _ax, 150 p. ;
_c21 cm.
504 _aBibliography: p. 143-146. Bibliographical footnotes & Includes Index.
650 0 _aCentral planning.
_958113
942 _2ddc
_cBK
999 _c18844
_d18844